LEADER 01708nam a2200349 a 4500 001 000000143559 003 CaOOAMICUS 005 20150526092556.0 008 150526s1987 it u000 u ita r 020 $z8877060387* 040 $aPUL$bita 245 02$aI linguaggi della comunicazione : [contributi al XXX convegno dei Ricercatori di filosofia, Padova, 9-11 settembre 1985] /$cLuigi Alici ... [et al.] ; a cura di Giovanni Santinello del Centro di studi filosofici di Gallarate. 260 $aPadova :$bLibreria Gregoriana,$c1987. 300 $a322 p. ;$c24 cm 490 1 $aStudi filosofici (Libreria Gregoriana) ;$v15 504 $aBibliografia in nota. 650 4$aFilosofia del linguaggio.$0(OLS)http://pul/subject/8316 700 1 $aSantinello, Giovanni.$0(OLS)http://pul/name/5900 700 1 $aAlici, Luigi.$0(OLS)http://pul/name/3225 710 2 $aCentro di studi filosofici di Gallarate.$0(OLS)http://pul/name/3733 830 0$aStudi filosofici (Libreria Gregoriana) ;$v15.$0(OLS)http://pul/title/8096 850 $aPUL 852 $aPUL$W1$xDP1 Fondo S. Lanza$y121$m2 A 50$j155972$qFondi$B165978$CPULBib$Z2$F165978 $HLan2388 $82 941 1 $a1 960 $aLinguaggio$xFilosofia$98316 960 $aLinguaggio e filosofia$98316 960 $aLinguaggio e pensiero$98316 961 $aNota ms. di possesso: Sergio Lanza. 996 $6020$z8877060387*$9(OLS)http://pul/number/157637 996 $6245$aI linguaggi della comunicazione : [contributi al XXX convegno dei Ricercatori di filosofia, Padova, 9-11 settembre 1985]$9(OLS)http://pul/title/181645 996 $6260$aPadova :$bLibreria Gregoriana$9(OLS)http://pul/publisher/50918 LEADER 01171nam a2200277 a 4500 001 000000132415 003 CaOOAMICUS 005 20130124154712.0 008 130124s2006 it a u001 ubita r 040 $aPUL$bita 041 1 $aita$hfre 082 04$a282.092 100 1 $aChiron, Yves.$0(OLS)http://pul/name/50697 240 10$aPie XI (1857-1939).$lItaliano.$0(OLS)http://pul/title/167292 245 10$aPio XI :$bil papa dei Patti Lateranensi e dell'opposizione ai totalitarismi /$cYves Chiron. 260 $aCinisello Balsamo :$bSan Paolo,$cc2006. 300 $a499 p. ;$c23 cm. 504 $aBibliografia: p. 467-478. 600 04$aPius PP.$bXI,$d1857-1939$xBiografia.$0(OLS)http://pul/subject/21580 850 $aPUL 852 $aPUL$W1$xSL Religione 3$y85$m282. 092 CHIYV 1$j152377$qDDC 21$B151727$CPULBib$Z2$F151727 $H103726 $82 941 1 $a9 996 $6082$a282.092$9(OLS)http://pul/classification/402 996 $6245$aPio XI :$bil papa dei Patti Lateranensi e dell'opposizione ai totalitarismi$9(OLS)http://pul/title/167293 996 $6260$aCinisello Balsamo :$bSan Paolo$9(OLS)http://pul/publisher/54577